| 000 -CABECERA |
| Longitud fija campo de control |
00747nam a2200205 a 4500 |
| 001 - NÚMERO DE CONTROL |
| Número de control |
5057 |
| 003 - IDENTIFICADOR DEL NÚMERO DE CONTROL |
| Identificador del número de control |
CDMR |
| 005 - FECHA Y HORA DE LA ÚLTIMA TRANSACCIÓN |
| Fecha y hora de la última transacción |
20131126112036.0 |
| 008 - CÓDIGOS DE INFORMACIÓN DE LONGITUD FIJA |
| Códigos de información de longitud fija |
130130s1984||||||||||||||||||||||||||||d |
| 020 ## - NÚMERO INTERNACIONAL NORMALIZADO PARA LIBROS |
| Número Internacional Normalizado para Libros (ISBN) |
8450097851 |
| 040 ## - FUENTE DE LA CATALOGACIÓN |
| Centro catalogador de origen |
CDMR |
| Lengua de catalogación |
cat |
| Centro transcriptor |
CDMR |
| 245 #3 - MENCIÓN DE TÍTULO |
| Título |
La premsa a l'escola |
| Resto del título |
: Primer simposi internacional |
| Mención de responsabilidad, etc. |
Direcció General de Patrimoni Escrit i Documental. Servei de Promoció de la Premsa |
| 260 ## - PUBLICACIÓN, DISTRIBUCIÓN, ETC. (PIE DE IMPRENTA) |
| Lugar de publicación, distribución, etc. |
Barcelona |
| Fecha de publicación, distribución, etc. |
1984 |
| Nombre del editor, distribuidor, etc. |
Generalitat de Catalunya. Departament de Cultura |
| 300 ## - DESCRIPCIÓN FÍSICA |
| Extensión |
236 p. |
| Dimensiones |
29 cm |
| 650 04 - PUNTO DE ACCESO ADICIONAL DE MATERIA - TÉRMINO DE MATERIA |
| 9 (RLIN) |
4387 |
| Término de materia o nombre geográfico como elemento inicial |
Premsa i educació |
| 650 04 - PUNTO DE ACCESO ADICIONAL DE MATERIA - TÉRMINO DE MATERIA |
| 9 (RLIN) |
2722 |
| Término de materia o nombre geográfico como elemento inicial |
Premsa escolar |
| 650 04 - PUNTO DE ACCESO ADICIONAL DE MATERIA - TÉRMINO DE MATERIA |
| 9 (RLIN) |
4332 |
| Término de materia o nombre geográfico como elemento inicial |
Mitjans de comunicació de massa |
| Subdivisión de materia general |
Estudi de casos |
| 710 1# - PUNTO DE ACCESO ADICIONAL - NOMBRE DE ENTIDAD |
| 9 (RLIN) |
1064 |
| Nombre de entidad o nombre de jurisdicción como elemento inicial |
Catalunya |
| Unidad subordinada |
-- Generalitat |
| -- |
-- Departament de Cultura |
| 942 ## - ENTRADA DE ELEMENTOS AGREGADOS (KOHA) |
| Koha [por defecto] tipo de item |
Monografies |
| Fuente de clasificaión o esquema |
|